000 00445nam a2200181Ia 4500
001 18226
005 20260306171615.0
008 260306s9999||||xx |||||||||||||| ||und||
041 _aESP
082 _a658.4013
_bP45
100 _aPérez-Carballo Veiga, Juan F.
_eAUT
245 0 _aControl de la gestión empresarial
260 _c2009
300 _a383 páginas :
_c24 cm.
650 _aGEN
654 _aCAN
942 _cLIB
_dJUS
_fJUS
_2ddc
_n
999 _c18226
_d18226